|
|
|
|
| LEADER |
01064nam a2200265 a 4500 |
| 001 |
14067634 |
| 008 |
130117s2006 nyu b 001 0 eng d |
| 010 |
|
|
|a 2005053816
|
| 020 |
|
|
|a 9780807746660
|
| 020 |
|
|
|a 0807746665
|
| 040 |
|
|
|a DLC
|c DLC
|d YDX
|d BAKER
|d DLC
|d BD-DhAAL
|
| 082 |
0 |
0 |
|a 300/.72/3
|2 22
|
| 100 |
1 |
|
|a Seidman, Irving,
|d 1937-
|
| 245 |
1 |
0 |
|a Interviewing as qualitative research :
|b a guide for researchers in education and the social sciences /
|c Irving Seidman.
|
| 250 |
|
|
|a 3rd ed.
|
| 260 |
|
|
|a New York :
|b Teachers College Press,
|c c2006.
|
| 300 |
|
|
|a xiv, 162 p. ;
|c 23 cm.
|
| 504 |
|
|
|a Includes bibliographical references (p. 145-155) and index.
|
| 541 |
1 |
|
|e 00026536
|
| 650 |
|
0 |
|a Interviewing.
|
| 650 |
|
0 |
|a Social sciences
|x Research
|x Methodology.
|
| 650 |
|
0 |
|a Education
|x Research
|x Methodology.
|
| 852 |
1 |
|
|a Ayesha Abed library
|c General Shelf
|
| 999 |
|
|
|c 13123
|d 13123
|
| 952 |
|
|
|0 0
|1 0
|2 ddc
|4 0
|6 300_723000000000000_SEI
|7 0
|9 21842
|a JPGSPH
|b JPGSPH
|c GEN
|d 2013-01-21
|e Trim Education
|g 2475.00
|l 0
|o 300.723 SEI
|p 3060026536
|r 2013-01-21
|t 1
|w 2013-01-21
|y BK
|